[Event "Jam Bushehr Sepehrmanesh Memorial"]
[Site "Jam Bushehr"]
[Date "2018.04.19"]
[Round "7.3"]
[White "Mohammedian, Esmaeel"]
[Black "Khazaei, Asadollah"]
[Result "1-0"]
[WhiteElo "1940"]
[BlackElo "1860"]
[PlyCount "123"]
[EventDate "2018.04.12"]
[EventType "swiss"]
[EventRounds "9"]
[EventCountry "IRI"]
[SourceTitle "EXT 2024"]
[Source "ChessBase"]
[SourceDate "2023.10.10"]
[SourceVersion "1"]
[SourceVersionDate "2023.10.10"]
[SourceQuality "1"]

1. d4 Nf6 2. c4 c5 3. d5 b5 4. cxb5 a6 5. bxa6 g6 6. Nc3 Bxa6 7. e4 Bxf1 8. Kxf1 d6 9. Nge2 Ng4 10. h3 Ne5 11. f4 Ned7 12. g4 Bg7 13. Kg2 Qb6 14. Qd3 0-0 15. g5 f5 16. h4 fxe4 17. Qxe4 Rf7 18. h5 Qb4 19. Qc2 Nf8 20. a3 Qb7 21. Qe4 Nbd7 22. Be3 Re8 23. Kg3 Qb3 24. Qa4 Qxa4 25. Nxa4 e6 26. h6 Bh8 27. Nec3 e5 28. Rae1 exf4+ 29. Bxf4 Rxe1 30. Rxe1 Ne5 31. Bxe5 Bxe5+ 32. Rxe5 dxe5 33. Nxc5 Nd7 34. b4 Kf8 35. N3e4 Nxc5 36. Nxc5 Ke7 37. Ne4 Rf5 38. a4 Rf4 39. Nf6 Rxb4 40. Nxh7 Rxa4 41. Nf6 Kf7 42. Ng4 Ra3+ 43. Kf2 Ra2+ 44. Ke3 Ra3+ 45. Ke2 Ra2+ 46. Kd3 Ra3+ 47. Kc2 e4 48. Ne5+ Kg8 49. d6 Ra6 50. Nc4 Ra2+ 51. Kb3 Ra1 52. Kc2 Ra2+ 53. Kc3 e3 54. Nxe3 Ra8 55. Kd4 Kf7 56. Ke5 Re8+ 57. Kd4 Ke6 58. Nc4 Rh8 59. Ne5 Rh7 60. d7 Rh8 61. h7 Rd8 62. Ke4 1-0

[Event "Jam Bushehr Sepehrmanesh Memorial"]
[Site "Jam Bushehr"]
[Date "2018.04.12"]
[Round "3.2"]
[White "Mohammedian, Esmaeel"]
[Black "Hosseini Esfid, Seyyed Hossein"]
[Result "1-0"]
[WhiteElo "1940"]
[BlackElo "1571"]
[PlyCount "83"]
[EventDate "2018.04.12"]
[EventType "swiss"]
[EventRounds "9"]
[EventCountry "IRI"]
[SourceTitle "EXT 2024"]
[Source "ChessBase"]
[SourceDate "2023.10.10"]
[SourceVersion "1"]
[SourceVersionDate "2023.10.10"]
[SourceQuality "1"]

1. d4 Nf6 2. c4 e6 3. f3 d5 4. Nc3 Bb4 5. e3 0-0 6. Nh3 c5 7. a3 Bxc3+ 8. bxc3 dxc4 9. Bxc4 a6 10. a4 Nc6 11. Ba3 Qa5 12. 0-0 Qxc3 13. Qc1 Qxc1 14. Rfxc1 Nd7 15. dxc5 Nde5 16. Ba2 Bd7 17. Rab1 Rab8 18. Rd1 Rfd8 19. Nf2 Na5 20. Rd4 Be8 21. Rbd1 Nac6 22. Rd6 Nd7 23. Ne4 Kf8 24. Bc4 Ke7 25. f4 Nf8 26. Bb2 f6 27. Ba3 Bg6 28. Rxd8 Rxd8 29. Nd6 Rd7 30. e4 Bxe4 31. Re1 Bc2 32. a5 Nxa5 33. c6 Nxc6 34. Nxb7+ Kf7 35. Nd6+ Kg6 36. g4 Nd4 37. Kf2 Rc7 38. Rc1 Nd7 39. Ke3 e5 40. Kd2 e4 41. Rxc2 Nxc2 42. Bf7+ 1-0